<?xml version="1.0" encoding="UTF-8"?>
<record
    xmlns:xsi="http://www.w3.org/2001/XMLSchema-instance"
    xsi:schemaLocation="http://www.loc.gov/MARC21/slim http://www.loc.gov/standards/marcxml/schema/MARC21slim.xsd"
    xmlns="http://www.loc.gov/MARC21/slim">

  <leader>01382nam0a22003251  4500</leader>
  <controlfield tag="001">RU\NLR\INFOCOMM_116\5000052422</controlfield>
  <controlfield tag="005">20250613090005.0</controlfield>
  <datafield tag="035" ind1=" " ind2=" ">
    <subfield code="a">(NLR Aleph) 009048408</subfield>
  </datafield>
  <datafield tag="090" ind1=" " ind2=" ">
    <subfield code="a">9567665</subfield>
    <subfield code="c">9567665</subfield>
  </datafield>
  <datafield tag="100" ind1=" " ind2=" ">
    <subfield code="a">20080830d1972    |||y0rusy50      ca</subfield>
  </datafield>
  <datafield tag="101" ind1="1" ind2=" ">
    <subfield code="a">fre</subfield>
    <subfield code="c">rus</subfield>
  </datafield>
  <datafield tag="102" ind1=" " ind2=" ">
    <subfield code="a">RU</subfield>
  </datafield>
  <datafield tag="105" ind1=" " ind2=" ">
    <subfield code="a">a   j   000zy</subfield>
  </datafield>
  <datafield tag="200" ind1="1" ind2=" ">
    <subfield code="a">Groupes &#xE9;lectrog&#xE8;nes mobiles</subfield>
    <subfield code="e">manuel &#xE0; l'usage des conducteurs-&#xE9;lectriciens</subfield>
    <subfield code="f">par A. Alexeiev, E. Tchekmenev</subfield>
    <subfield code="g">[trad. du russe par V. Tsar&#xE9;gradski]</subfield>
  </datafield>
  <datafield tag="210" ind1=" " ind2=" ">
    <subfield code="a">&#x39C;.</subfield>
    <subfield code="c">&#xC9;cole sup&#xE9;rieure</subfield>
    <subfield code="d">[1972]</subfield>
  </datafield>
  <datafield tag="215" ind1=" " ind2=" ">
    <subfield code="a">104 &#x441;.</subfield>
    <subfield code="c">&#x438;&#x43B;.</subfield>
    <subfield code="d">22 &#x441;&#x43C;</subfield>
  </datafield>
  <datafield tag="300" ind1=" " ind2=" ">
    <subfield code="a">&#x41D;&#x430; &#x43F;&#x435;&#x440;. &#x430;&#x432;&#x442;. &#x43D;&#x435; &#x443;&#x43A;&#x430;&#x437;&#x430;&#x43D;&#x44B;</subfield>
  </datafield>
  <datafield tag="300" ind1=" " ind2=" ">
    <subfield code="a">&#x41D;&#x430; &#x434;&#x43E;&#x43F;. &#x442;&#x438;&#x442;. &#x43B;. &#x430;&#x432;&#x442;. &#x438; &#x437;&#x430;&#x433;&#x43B;. &#x43D;&#x430; &#x440;&#x443;&#x441;. &#x44F;&#x437;.: &#x410;. &#x41F;. &#x410;&#x43B;&#x435;&#x43A;&#x441;&#x435;&#x435;&#x432;, &#x415;. &#x415;. &#x427;&#x435;&#x43A;&#x43C;&#x435;&#x43D;&#x435;&#x432;. &#x423;&#x447;&#x435;&#x431;&#x43D;&#x43E;&#x435; &#x43F;&#x43E;&#x441;&#x43E;&#x431;&#x438;&#x435; &#x43F;&#x43E; &#x43F;&#x43E;&#x434;&#x433;&#x43E;&#x442;&#x43E;&#x432;&#x43A;&#x435; &#x448;&#x43E;&#x444;&#x435;&#x440;&#x430;-&#x44D;&#x43B;&#x435;&#x43A;&#x442;&#x440;&#x43E;&#x43C;&#x435;&#x445;&#x430;&#x43D;&#x438;&#x43A;&#x430;</subfield>
  </datafield>
  <datafield tag="517" ind1="1" ind2=" ">
    <subfield code="a">&#x423;&#x447;&#x435;&#x431;&#x43D;&#x43E;&#x435; &#x43F;&#x43E;&#x441;&#x43E;&#x431;&#x438;&#x435; &#x43F;&#x43E; &#x43F;&#x43E;&#x434;&#x433;&#x43E;&#x442;&#x43E;&#x432;&#x43A;&#x435; &#x448;&#x43E;&#x444;&#x435;&#x440;&#x430;-&#x44D;&#x43B;&#x435;&#x43A;&#x442;&#x440;&#x43E;&#x43C;&#x435;&#x445;&#x430;&#x43D;&#x438;&#x43A;&#x430;</subfield>
  </datafield>
  <datafield tag="686" ind1=" " ind2=" ">
    <subfield code="a">&#x422;7-1140(&#x417;375&#x44F;75)</subfield>
    <subfield code="2">rubbk</subfield>
  </datafield>
  <datafield tag="700" ind1=" " ind2="1">
    <subfield code="9">z01790</subfield>
    <subfield code="a">Alekseev</subfield>
    <subfield code="b">A. P.</subfield>
    <subfield code="g">Aleksandr Petrovi&#x10D;</subfield>
    <subfield code="4">070</subfield>
  </datafield>
  <datafield tag="701" ind1=" " ind2="1">
    <subfield code="9">z02790</subfield>
    <subfield code="a">&#x10C;ekmenev</subfield>
    <subfield code="b">E. E.</subfield>
    <subfield code="g">Evgenij Egorovi&#x10D;</subfield>
    <subfield code="4">070</subfield>
  </datafield>
  <datafield tag="790" ind1=" " ind2="1">
    <subfield code="9">z01700</subfield>
    <subfield code="a">Alexeiev</subfield>
    <subfield code="b">A.</subfield>
    <subfield code="4">070</subfield>
  </datafield>
  <datafield tag="790" ind1=" " ind2="1">
    <subfield code="9">z02701</subfield>
    <subfield code="a">Tchekmenev</subfield>
    <subfield code="b">E.</subfield>
    <subfield code="4">070</subfield>
  </datafield>
  <datafield tag="801" ind1=" " ind2="1">
    <subfield code="a">RU</subfield>
    <subfield code="b">NLR</subfield>
    <subfield code="c">20080830</subfield>
  </datafield>
  <datafield tag="801" ind1=" " ind2="0">
    <subfield code="a">RU</subfield>
    <subfield code="b">NLR</subfield>
    <subfield code="g">PSBO</subfield>
  </datafield>
  <datafield tag="852" ind1=" " ind2=" ">
    <subfield code="a">NLR</subfield>
    <subfield code="j">&#x422;21 &#x414;-5/59</subfield>
  </datafield>
  <datafield tag="942" ind1=" " ind2=" ">
    <subfield code="c">BOOK</subfield>
  </datafield>
  <datafield tag="980" ind1=" " ind2=" ">
    <subfield code="a">NB</subfield>
  </datafield>
  <datafield tag="995" ind1=" " ind2=" ">
    <subfield code="5">2013-10-26</subfield>
    <subfield code="b">NLR01</subfield>
    <subfield code="c">NLR01</subfield>
    <subfield code="e">IF</subfield>
    <subfield code="f">9048408-10</subfield>
    <subfield code="k">&#x422;21 &#x414;-5/59</subfield>
    <subfield code="o">0</subfield>
    <subfield code="r">BOOK</subfield>
    <subfield code="s">21_559</subfield>
  </datafield>
</record>
